| 000 | 00608nam a2200217Ia 4500 | ||
|---|---|---|---|
| 003 | OSt | ||
| 005 | 20230509155428.0 | ||
| 008 | 210423s2006 xx 000 0 und d | ||
| 020 | _a9788131711187 | ||
| 040 | _cAL | ||
| 041 | _aeng | ||
| 082 |
_a620.5 _223 _b FOSN |
||
| 100 |
_aFOSTER (Lynn E). _9101516 |
||
| 245 | _aNanotechnology: science innovation and opportunity. | ||
| 260 |
_aNew Delhi _bPHI Learning Pvt Ltd _c2006 |
||
| 300 |
_axliii,283 _bPB |
||
| 365 |
_b299 _cINR |
||
| 650 |
_aNanotechnology _9101517 |
||
| 906 | _ainnovation ; Nanotechnology: ; opportunity. ; science | ||
| 942 |
_2ddc _cBK |
||
| 999 |
_c164047 _d164047 |
||